000 00449nam a2200169Ia 4500
008 090711s9999 xx 000 0 und d
082 _b58308
100 _aपाटकर मधुकर
245 _aआमSो भाऊ
260 _c1971
300 _a288
600 _aपाटकर मधुकर
630 _aआमSो भाऊ
700 _aपाटकर मधुकर
730 _aआमSो भाऊ
942 _cBOOK
999 _c317234
_d317234